000 00411nam a2200181Ia 4500
001 643
005 20260306140533.0
008 260306t2008||||xx |||||||||||||| ||spa||
041 _aESP
082 _a128
_bV53 2008
100 _aVerneaux, Roger
_eAUT
245 0 _aFilosofía del hombre
260 _c2008
300 _a234 páginas :
_c22 cm.
650 _aGEN
654 _aCHU
942 _cLIB
_dJUS
_fJUS
_2ddc
_n
999 _c643
_d643